100 new scientific discoveries : (Record no. 288252)
[ view plain ]
| 000 -LEADER | |
|---|---|
| fixed length control field | 00432nam a2200109Ia 4500 |
| 008 - FIXED-LENGTH DATA ELEMENTS--GENERAL INFORMATION | |
| fixed length control field | 150610s9999 xx 000 0 und d |
| 020 ## - INTERNATIONAL STANDARD BOOK NUMBER | |
| International Standard Book Number | 9781603201728 |
| 050 ## - LIBRARY OF CONGRESS CALL NUMBER | |
| Classification number | Q180.55 |
| Item number | .D57 O54 2011 |
| 245 ## - TITLE STATEMENT | |
| Title | 100 new scientific discoveries : |
| Remainder of title | fascinating, unbelievable and mind-expanding stories / |
| Statement of responsibility, etc | [editor, Jeffrey Kluger]. |
| 260 ## - PUBLICATION, DISTRIBUTION, ETC. (IMPRINT) | |
| Place of publication, distribution, etc | New York, N.Y. : |
| Name of publisher, distributor, etc | TIME Books, |
| Date of publication, distribution, etc | 2011. |
| 300 ## - PHYSICAL DESCRIPTION | |
| Extent | 112pages : |
| Other physical details | ill. (chiefly color) |
| Dimensions | 29 cm. |
| Withdrawn status | Lost status | Damaged status | Home library | Current library | Shelving location | Date acquired | Total Checkouts | Full call number | Barcode | Date last seen | Price effective from | Koha item type |
|---|---|---|---|---|---|---|---|---|---|---|---|---|
| Stonyhurst Southville International School (Batangas) | Stonyhurst Southville International School (Batangas) | High School Section | 06/10/2015 | Q180.55.D57 O54 2011 | US-1839 | 06/10/2015 | 06/10/2015 | Books |